000 00391nam a22001697a 4500
003 MACL
005 20160129172214.0
008 160129b xxu||||| |||| 00| 0 eng d
040 _cMACL
041 _aEnglish
082 _a823/DAL
100 _aDalrymple William
_913818
245 _aWhite Mughals
260 _aNew Delhi
_bViking
_c2002
650 _aFiction
_935732
942 _2ddc
_cBK
999 _c52930
_d52930